Chandasūtraprabeśikā. (Record no. 68132)

MARC details
000 -LEADER
fixed length control field 00526cam a22002171 4500
001 - CONTROL NUMBER
control field sa 66002079
003 - CONTROL NUMBER IDENTIFIER
control field DLC
005 - DATE AND TIME OF LATEST TRANSACTION
control field 20260227112226.0
008 - FIXED-LENGTH DATA ELEMENTS--GENERAL INFORMATION
fixed length control field 900112m19639999ii 000 0 beno
010 ## - LIBRARY OF CONGRESS CONTROL NUMBER
LC control number sa 66002079
035 ## - SYSTEM CONTROL NUMBER
System control number (OCoLC)20881252
040 ## - CATALOGING SOURCE
Original cataloging agency DLC
Transcribing agency WaU
Modifying agency DLC
042 ## - AUTHENTICATION CODE
Authentication code premarc
050 00 - LIBRARY OF CONGRESS CALL NUMBER
Classification number PK1677
Item number .D33
100 1# - MAIN ENTRY--PERSONAL NAME
Personal name Dāsa, Ambikā Caraṇa.
245 10 - TITLE STATEMENT
Title Chandasūtraprabeśikā.
260 ## - PUBLICATION, DISTRIBUTION, ETC.
Date of publication, distribution, etc. [1963-
300 ## - PHYSICAL DESCRIPTION
Extent v.
Dimensions 18 cm.
500 ## - GENERAL NOTE
General note In Bengali.
650 #0 - SUBJECT ADDED ENTRY--TOPICAL TERM
Topical term or geographic name entry element Bengali language
General subdivision Rhetoric.

No items available.

Powered by Koha